| 000 | 01036nac a22003017a 4500 | ||
|---|---|---|---|
| 001 | BR0101998 | ||
| 003 | BR-BrBNA | ||
| 005 | 20240105122535.0 | ||
| 008 | 230509b bl.|||m| |||| 00| 0 por d | ||
| 040 |
_aBR-BrBNA _bpor _cBiblioteca Nacional de Agricultura |
||
| 072 | _aH20; H10 | ||
| 090 | _a7300 BR0101998 | ||
| 100 | 1 | _aAlmeida, R.P. de | |
| 100 | 1 | _aSilva, C.A.D. da | |
| 100 | 1 | _aMedeiros, M.B. de | |
| 110 | 1 |
_aCentro Nacional de Pesquisa de Algodao, Campina Grande, PB (Brasil) _91753 |
|
| 245 | 1 | _aBiotecnologia de producao massal e manejo de Trichogramma para o controle biologico de pragas | |
| 260 | 3 |
_aCampina Grande, PB (Brasil): _c1998. |
|
| 300 | _a61 p. | ||
| 490 |
_aDocumentos - Centro Nacional de Pesquisa de Algodao (Brazil) _vno. 60 _xISSN 0103-0205 |
||
| 500 | _aSeveral bibiography | ||
| 650 | _aInseto para Controle Biologico | ||
| 650 | _aBiotecnologia | ||
| 650 | _aCriacao Massal | ||
| 650 | _aPraga de Planta | ||
| 909 |
_a202312 _bLúcia Elande _c55 _dLúcia Elande |
||
| 942 |
_2AGRIS _n0 _cMS |
||
| 999 |
_c291554 _d291554 |
||